[Event "Edmonton int."]
[Site "Edmonton CAN"]
[Date "2019.06.23"]
[Round "9.4"]
[White "Dave, Bhavik"]
[Black "Zierk, Steven"]
[Result "0-1"]
[WhiteElo "1818"]
[BlackElo "2490"]
[PlyCount "40"]
[EventDate "2019.06.19"]
[EventType "tourn"]
[EventRounds "9"]
[EventCountry "CAN"]
[TimeControl "1"]

1. d4 {[%emt 0:01:30]} d5 {[%emt 0:00:39]} 2. c4 {[%emt 0:00:07]} dxc4 {
[%emt 0:02:05]} 3. e3 {[%emt 0:00:27]} e5 {[%emt 0:00:15]} 4. Nf3 {
[%emt 0:02:45]} exd4 {[%emt 0:01:39]} 5. Bxc4 {[%emt 0:02:22]} Bd6 {
[%emt 0:04:45]} 6. exd4 {[%emt 0:03:07]} Nf6 {[%emt 0:00:17]} 7. O-O {
[%emt 0:00:45]} O-O {[%emt 0:00:08]} 8. Bg5 {[%emt 0:00:32]} Nc6 {
[%emt 0:04:33]} 9. Nbd2 {[%emt 0:04:24]} h6 {[%emt 0:09:06]} 10. Be3 {
[%emt 0:09:40]} Bf5 {[%emt 0:06:10]} 11. a3 {[%emt 0:01:34]} Ng4 {
[%emt 0:04:13]} 12. Re1 {[%emt 0:08:08]} a6 {[%emt 0:07:28]} 13. Nf1 {
[%emt 0:02:25]} Qd7 {[%emt 0:03:19]} 14. Bd3 {[%emt 0:04:35]} Rfe8 {
[%emt 0:01:48]} 15. b4 {[%emt 0:07:02]} Bxd3 {[%emt 0:02:03]} 16. Qxd3 {
[%emt 0:00:15]} Ne7 {[%emt 0:00:27]} 17. N1d2 {[%emt 0:02:06]} Nd5 {
[%emt 0:07:02]} 18. Ne4 {[%emt 0:02:55]} Qf5 {[%emt 0:01:45]} 19. Nc5 {
[%emt 0:00:47]} Ndxe3 {[%emt 0:01:11]} 20. fxe3 {[%emt 0:00:56]} Bxh2+ {
[%emt 0:14:05]} 0-1

[Event "Edmonton int."]
[Site "Edmonton CAN"]
[Date "2019.06.23"]
[Round "9.5"]
[White "Findlay, Ian"]
[Black "Porper, Edward"]
[Result "0-1"]
[WhiteElo "2206"]
[BlackElo "2382"]
[PlyCount "56"]
[EventDate "2019.06.19"]
[EventType "tourn"]
[EventRounds "9"]
[EventCountry "CAN"]
[TimeControl "1"]

1. e4 {[%emt 0:07:03]} d6 {[%emt 0:00:10]} 2. d4 {[%emt 0:00:14]} g6 {
[%emt 0:00:03]} 3. g3 {[%emt 0:00:53]} Bg7 {[%emt 0:00:09]} 4. Bg2 {
[%emt 0:00:05]} c5 {[%emt 0:02:03]} 5. dxc5 {[%emt 0:04:18]} Qa5+ {
[%emt 0:00:36]} 6. Bd2 {[%emt 0:00:08]} Qxc5 {[%emt 0:00:06]} 7. Bc3 {
[%emt 0:00:05]} Nf6 {[%emt 0:00:34]} 8. Ne2 {[%emt 0:03:24]} Nc6 {
[%emt 0:03:12]} 9. O-O {[%emt 0:01:18]} O-O {[%emt 0:00:36]} 10. Nd2 {
[%emt 0:01:21]} b5 {[%emt 0:04:37]} 11. Nb3 {[%emt 0:01:05]} Qb6 {
[%emt 0:00:00]} 12. a4 {[%emt 0:03:08]} b4 {[%emt 0:00:47]} 13. a5 {
[%emt 0:00:29]} Qa6 {[%emt 0:02:33]} 14. Bd2 {[%emt 0:01:39]} Bg4 {
[%emt 0:01:15]} 15. f3 {[%emt 0:02:57]} Be6 {[%emt 0:00:29]} 16. Nbd4 {
[%emt 0:12:32]} Bc4 {[%emt 0:03:47]} 17. Re1 {[%emt 0:00:41]} Nd7 {
[%emt 0:03:20]} 18. c3 {[%emt 0:04:04]} Nc5 {[%emt 0:06:25]} 19. Nxc6 {
[%emt 0:05:33]} Qxc6 {[%emt 0:00:11]} 20. Nf4 {[%emt 0:03:50]} bxc3 {
[%emt 0:04:01]} 21. Bxc3 {[%emt 0:00:25]} Bxc3 {[%emt 0:00:09]} 22. bxc3 {
[%emt 0:00:04]} Nb3 {[%emt 0:00:51]} 23. Rb1 {[%emt 0:03:16]} Qc5+ {
[%emt 0:04:18]} 24. Kh1 {[%emt 0:00:17]} Nxa5 {[%emt 0:00:12]} 25. Qa4 {
[%emt 0:04:44]} Rab8 {[%emt 0:05:57]} 26. Qd7 {[%emt 0:01:40]} Nc6 {
[%emt 0:02:23]} 27. Nd5 {[%emt 0:03:06]} Bxd5 {[%emt 0:01:29]} 28. exd5 {
[%emt 0:00:57]} Ne5 {[%emt 0:00:04]} 0-1

[Event "Edmonton-ch"]
[Site "Edmonton, CAN"]
[Date "2019.01.10"]
[Round "1.1"]
[White "Briones, Dante"]
[Black "Ivanescu, Mark"]
[Result "1-0"]
[WhiteElo "1924"]
[BlackElo "2040"]
[PlyCount "87"]
[EventDate "2019.01.10"]
[EventType "k.o."]
[EventRounds "4"]
[EventCountry "CAN"]

1. e4 e6 2. d4 d5 3. Nc3 dxe4 4. Nxe4 Bd7 5. Nf3 Bc6 6. Bd3 Nd7 7. O-O Ngf6 8.
Neg5 Bd6 9. Re1 Bxf3 10. Qxf3 c6 11. Qh3 Nf8 12. Bd2 Qd7 13. c4 O-O-O 14. Rad1
Ng6 15. Nxe6 fxe6 16. Rxe6 Kb8 17. Bf5 Qc7 18. g3 Ka8 19. c5 Be7 20. Rde1 Nd5
21. Qg4 Bf6 22. b4 Nge7 23. Bc2 Qd7 24. Qe4 Nc7 25. Rd6 Qc8 26. Rxf6 gxf6 27.
Qxe7 Rxd4 28. Bc3 Rc4 29. Qxf6 Rf8 30. Qg7 Nd5 31. Bb3 Qf5 32. Bf6 Qxf6 33.
Qxf6 Nxf6 34. Bxc4 a6 35. Re7 Ng4 36. f4 h6 37. h3 Nf6 38. Rf7 Rxf7 39. Bxf7
Kb8 40. g4 Nh7 41. Bg6 Nf8 42. Bf5 Kc7 43. g5 hxg5 44. fxg5 1-0

[Event "Edmonton-ch"]
[Site "Edmonton, CAN"]
[Date "2019.01.10"]
[Round "1.1"]
[White "Darvekar, Yash"]
[Black "Valencia, Belsar"]
[Result "0-1"]
[WhiteElo "1647"]
[BlackElo "2346"]
[PlyCount "56"]
[EventDate "2019.01.10"]
[EventType "k.o."]
[EventRounds "4"]
[EventCountry "CAN"]

1. e4 c5 2. Nf3 e6 3. c3 Nf6 4. e5 Nd5 5. d4 cxd4 6. cxd4 d6 7. Bc4 Nc6 8. O-O
Be7 9. Bxd5 exd5 10. Nc3 Be6 11. exd6 Qxd6 12. Nb5 Qd7 13. Bf4 Rc8 14. Ne5 Nxe5
15. Bxe5 Qxb5 16. Bxg7 Rg8 17. Be5 Kd7 18. Bg3 Qc4 19. Qd2 h5 20. f3 h4 21. Bf2
Qb4 22. Qe2 Bh3 23. Be1 Qxd4+ 24. Bf2 Rxg2+ 25. Kh1 Qf4 26. Bg3 Rxe2 27. Bxf4
Bg2+ 28. Kg1 Bc5+ 0-1

[Event "Edmonton-ch"]
[Site "Edmonton, CAN"]
[Date "2019.01.10"]
[Round "1.1"]
[White "Ivanescu, Cristian"]
[Black "Miller, David"]
[Result "0-1"]
[WhiteElo "1771"]
[BlackElo "2201"]
[PlyCount "61"]
[EventDate "2019.01.10"]
[EventType "k.o."]
[EventRounds "4"]
[EventCountry "CAN"]

1. d4 c5 2. d5 e6 3. dxe6 fxe6 4. e4 Nc6 5. Nc3 d6 6. Nf3 Be7 7. Bb5 Bd7 8. O-O
Qc7 9. Bg5 Nf6 10. Re1 O-O-O 11. a3 a6 12. Bf1 h6 13. Bf4 g5 14. Bg3 Nh5 15.
Na2 Nxg3 16. hxg3 Bf6 17. c3 g4 18. Nh2 h5 19. b4 Ne5 20. b5 axb5 21. Rb1 c4
22. Qd4 Nf3+ 23. Nxf3 Bxd4 24. Nxd4 Qc5 25. Nb4 h4 26. gxh4 g3 27. Re3 gxf2+
28. Kxf2 Rdf8+ 29. Ke1 Rxh4 30. Nbc2 Rxf1+ 31. Kxf1 0-1

[Event "Edmonton-ch"]
[Site "Edmonton, CAN"]
[Date "2019.01.10"]
[Round "1.1"]
[White "Ludwig, David"]
[Black "Kalisvaart, Peter"]
[Result "0-1"]
[WhiteElo "1826"]
[BlackElo "2090"]
[PlyCount "72"]
[EventDate "2019.01.10"]
[EventType "k.o."]
[EventRounds "4"]
[EventCountry "CAN"]

1. c4 Nc6 2. e4 g6 3. Nf3 d6 4. h3 e5 5. Nc3 Bg7 6. d3 Nge7 7. Be2 O-O 8. Bd2
Nd4 9. Nxd4 exd4 10. Nd5 Nxd5 11. cxd5 f5 12. O-O c5 13. f3 Bd7 14. Rc1 fxe4
15. fxe4 Qh4 16. Be1 Rxf1+ 17. Bxf1 Qf6 18. Bd2 Rf8 19. Qe1 b5 20. Rc2 b4 21.
b3 a5 22. Bc1 Ra8 23. Qf2 a4 24. Qxf6 Bxf6 25. Be2 axb3 26. axb3 Ra1 27. Kf2
Rb1 28. Bb2 Bg5 29. Kf3 Be3 30. Kg3 Kf7 31. Bg4 Bxg4 32. Kxg4 Kf6 33. Re2 h5+
34. Kg3 g5 35. Rxe3 Rxb2 36. Rf3+ Ke7 0-1

[Event "Edmonton-ch"]
[Site "Edmonton, CAN"]
[Date "2019.01.10"]
[Round "1.1"]
[White "Ludwig, Michael"]
[Black "Razzaq, Ali"]
[Result "1-0"]
[WhiteElo "2067"]
[BlackElo "1884"]
[PlyCount "67"]
[EventDate "2019.01.10"]
[EventType "k.o."]
[EventRounds "4"]
[EventCountry "CAN"]

1. d4 d5 2. Bf4 Nf6 3. e3 e6 4. Nf3 c5 5. Nbd2 Nc6 6. c3 Bd6 7. Bg3 cxd4 8.
exd4 Qc7 9. Bd3 O-O 10. O-O Bxg3 11. hxg3 e5 12. Nxe5 Nxe5 13. dxe5 Qxe5 14.
Re1 Qg5 15. Nf3 Qh5 16. Re5 Qh6 17. Qd2 Qxd2 18. Nxd2 Be6 19. Nb3 Nd7 20. Re2
Rfe8 21. Rae1 a5 22. Bb5 Re7 23. f4 g6 24. g4 a4 25. Nd4 Nc5 26. f5 Ne4 27.
fxe6 fxe6 28. Rxe4 dxe4 29. Rxe4 Ra5 30. Bc4 Kg7 31. Nxe6+ Kf6 32. g5+ Kf5 33.
Bd3 Rd5 34. g4# 1-0

[Event "Edmonton-ch"]
[Site "Edmonton, CAN"]
[Date "2019.01.10"]
[Round "1.1"]
[White "Reeve, Jeff"]
[Black "Paydari, Mojtaba"]
[Result "1-0"]
[WhiteElo "2258"]
[BlackElo "1769"]
[PlyCount "101"]
[EventDate "2019.01.10"]
[EventType "k.o."]
[EventRounds "4"]
[EventCountry "CAN"]

1. e4 e6 2. d3 d5 3. Qe2 Be7 4. Nf3 b6 5. g3 Bb7 6. Bg2 dxe4 7. dxe4 Nf6 8. e5
Nfd7 9. O-O O-O 10. Rd1 c5 11. Nc3 a6 12. Bf4 Qc7 13. Ne4 Bxe4 14. Qxe4 Ra7 15.
h4 Rd8 16. h5 Nf8 17. h6 Ng6 18. hxg7 Kxg7 19. Qe3 Nc6 20. c3 Nxf4 21. Qxf4 h6
22. Bf1 Rh8 23. Rd2 b5 24. Rad1 Rd8 25. Rxd8 Bxd8 26. Bd3 f5 27. exf6+ Bxf6 28.
Qg4+ Kf7 29. Qg6+ Ke7 30. Qh7+ Kf8 31. Qxh6+ Qg7 32. Qe3 Qe7 33. Be4 Nd8 34.
Qh6+ Bg7 35. Qf4+ Kg8 36. Kg2 Rd7 37. Rh1 Qf6 38. Bh7+ Kf8 39. Ne5 Rd5 40. Ng6+
Ke8 41. Qe3 Nf7 42. Nf4 Re5 43. Qf3 Kd7 44. Be4 Nd8 45. Rd1+ Ke8 46. Bg6+ Ke7
47. Qa8 Qf8 48. Qxa6 Kf6 49. Bc2 c4 50. Qb6 Nf7 51. Nd5+ 1-0

[Event "Edmonton-ch"]
[Site "Edmonton, CAN"]
[Date "2019.01.10"]
[Round "1.1"]
[White "Sequillion, Aaron"]
[Black "Koperski, Dustin"]
[Result "1-0"]
[WhiteElo "2025"]
[BlackElo "1927"]
[PlyCount "79"]
[EventDate "2019.01.10"]
[EventType "k.o."]
[EventRounds "4"]
[EventCountry "CAN"]

1. c4 c5 2. Nc3 Nc6 3. g3 g6 4. Bg2 Bg7 5. e4 e5 6. Nge2 Nge7 7. O-O O-O 8. d3
d6 9. a3 a5 10. Rb1 Be6 11. Nd5 Bxd5 12. cxd5 Nd4 13. f4 Nxe2+ 14. Qxe2 f5 15.
fxe5 Bxe5 16. Bh6 Rf7 17. Bh3 Qe8 18. Kg2 Bd4 19. Rbe1 Qd7 20. g4 Bg7 21. gxf5
gxf5 22. Bg5 Bf6 23. Bxf5 Nxf5 24. Rxf5 Rg7 25. Rxf6 Rxg5+ 26. Kh1 Rg6 27. Ref1
Rxf6 28. Rxf6 Rd8 29. Qh5 Qg7 30. Qf5 b5 31. b3 a4 32. bxa4 bxa4 33. Qe6+ Kh8
34. Rf7 Qa1+ 35. Kg2 Rg8+ 36. Kh3 Qd4 37. Qf6+ Qxf6 38. Rxf6 Rd8 39. Kg4 Kg7
40. Kf5 1-0

[Event "Edmonton-ch"]
[Site "Edmonton, CAN"]
[Date "2019.01.10"]
[Round "1.1"]
[White "Villavieja, Butch"]
[Black "Seehagen, Terry"]
[Result "1-0"]
[WhiteElo "2166"]
[BlackElo "1787"]
[PlyCount "63"]
[EventDate "2019.01.10"]
[EventType "k.o."]
[EventRounds "4"]
[EventCountry "CAN"]

1. e4 d5 2. exd5 Nf6 3. d4 Bg4 4. Qd3 Nbd7 5. c4 g6 6. Be2 Bf5 7. Qb3 Rb8 8.
Nf3 Bg7 9. Nc3 O-O 10. h3 Nb6 11. Bf4 a5 12. O-O Ra8 13. Nb5 a4 14. Qb4 Rc8 15.
Nxc7 Nfd7 16. d6 exd6 17. Qxd6 Bf6 18. Nd5 Nxd5 19. Qxd5 Re8 20. Rfe1 Be4 21.
Qb5 Bc6 22. Qb4 Re4 23. Be3 Nb6 24. Bd3 Re8 25. d5 Nxd5 26. cxd5 Qxd5 27. Be2
Re4 28. Qd2 Qe6 29. Ng5 Bxg5 30. Bxg5 Re8 31. Be3 f5 32. Bf3 1-0

[Event "Edmonton-ch"]
[Site "Edmonton, CAN"]
[Date "2019.01.17"]
[Round "1.2"]
[White "Ivanescu, Mark"]
[Black "Briones, Dante"]
[Result "1-0"]
[WhiteElo "2040"]
[BlackElo "1924"]
[PlyCount "85"]
[EventDate "2019.01.10"]
[EventType "k.o."]
[EventRounds "4"]
[EventCountry "CAN"]

1. d4 d5 2. Bf4 Nf6 3. Nf3 c5 4. e3 Nc6 5. c3 e6 6. Nbd2 Be7 7. Ne5 Nxe5 8.
dxe5 Nd7 9. Bd3 Qc7 10. Nf3 h6 11. h4 b6 12. Qe2 Bb7 13. h5 a6 14. Rh3 c4 15.
Bc2 O-O-O 16. Rg3 Rdg8 17. e4 Nc5 18. exd5 Bxd5 19. O-O-O b5 20. Qe3 Qa5 21.
Kb1 Kb7 22. Nd2 Qb6 23. Ne4 Nxe4 24. Bxe4 Qxe3 25. Bxd5+ exd5 26. Bxe3 Kc6 27.
Bd4 Bc5 28. Bxc5 Kxc5 29. Rd4 Re8 30. Rxg7 Rxe5 31. Rxf7 Rxh5 32. Rg4 Re8 33.
b4+ cxb3 34. axb3 b4 35. cxb4+ Kb5 36. Kc2 Rhe5 37. Kc3 Re2 38. Rc7 R8e5 39.
Rg6 Re6 40. Rxe6 Rxe6 41. Rc5+ Kb6 42. Rxd5 Rf6 43. f3 1-0

[Event "Edmonton-ch"]
[Site "Edmonton, CAN"]
[Date "2019.01.17"]
[Round "1.2"]
[White "Kalisvaart, Peter"]
[Black "Ludwig, David"]
[Result "1-0"]
[WhiteElo "2090"]
[BlackElo "1826"]
[PlyCount "55"]
[EventDate "2019.01.10"]
[EventType "k.o."]
[EventRounds "4"]
[EventCountry "CAN"]

1. d4 f5 2. Bg5 d6 3. Nc3 Nd7 4. e4 fxe4 5. Nxe4 Ngf6 6. Qe2 e6 7. Bxf6 Nxf6 8.
O-O-O Nxe4 9. Qxe4 Qg5+ 10. f4 Qa5 11. Kb1 d5 12. Qe3 Bd7 13. f5 Be7 14. fxe6
Bc6 15. Nf3 Bf6 16. Ne5 Bxe5 17. Qxe5 O-O-O 18. Be2 Rhg8 19. Rd3 Kb8 20. Ra3
Qb4 21. Bg4 Qe7 22. Rf1 Rgf8 23. Raf3 Rxf3 24. Rxf3 Rf8 25. a3 Rf6 26. Rxf6
gxf6 27. Qf5 b6 28. Bf3 1-0

[Event "Edmonton-ch"]
[Site "Edmonton, CAN"]
[Date "2019.01.17"]
[Round "1.2"]
[White "Koperski, Dustin"]
[Black "Sequillion, Aaron"]
[Result "1/2-1/2"]
[WhiteElo "1927"]
[BlackElo "2025"]
[PlyCount "110"]
[EventDate "2019.01.10"]
[EventType "k.o."]
[EventRounds "4"]
[EventCountry "CAN"]

1. e4 e6 2. Nc3 d5 3. Nf3 Nf6 4. e5 Nfd7 5. d4 a6 6. Bd3 Be7 7. O-O c5 8. dxc5
Nc6 9. Bf4 Nxc5 10. Ne2 g5 11. Bg3 h5 12. h3 Qc7 13. Ned4 Bd7 14. Nxc6 Bxc6 15.
Nd4 O-O-O 16. c3 Kb8 17. b4 Ba4 18. Qd2 Nxd3 19. Qxd3 Qc4 20. Qf3 Rh7 21. Rfc1
g4 22. Qe3 gxh3 23. gxh3 Rg8 24. Kh1 Rhg7 25. Rab1 Bg5 26. Bf4 Bxf4 27. Qxf4
Qd3 28. Qh4 Bc2 29. Rxc2 Qg6 30. Qg3 Qxc2 31. Nxc2 Rxg3 32. fxg3 Rxg3 33. Kh2
Rxc3 34. Nd4 Rd3 35. Nb3 Re3 36. Nc5 b6 37. Nxa6+ Kb7 38. b5 Rxe5 39. Rc1 Re2+
40. Kg3 Rxa2 41. Rc7+ Ka8 42. Rxf7 Re2 43. Re7 d4 44. Rxe6 h4+ 45. Kg4 d3 46.
Rxb6 Re4+ 47. Kf3 Rd4 48. Nc7+ Ka7 49. Ra6+ Kb7 50. Ra1 Kxc7 51. Rd1 Kd6 52.
Ke3 Ke5 53. Rxd3 Rb4 54. Kf3 Rxb5 55. Rc3 Kf5 1/2-1/2

[Event "Edmonton-ch"]
[Site "Edmonton, CAN"]
[Date "2019.01.17"]
[Round "1.2"]
[White "Miller, David"]
[Black "Ivanescu, Cristian"]
[Result "1-0"]
[WhiteElo "2201"]
[BlackElo "1771"]
[PlyCount "71"]
[EventDate "2019.01.10"]
[EventType "k.o."]
[EventRounds "4"]
[EventCountry "CAN"]

1. e4 e6 2. d4 d5 3. Nc3 dxe4 4. Nxe4 Bd7 5. Nf3 Bc6 6. Bd3 Nd7 7. c3 Ngf6 8.
Nxf6+ Nxf6 9. Bf4 Be7 10. Ne5 Bxg2 11. Rg1 Qd5 12. f3 Nh5 13. Qa4+ c6 14. Be4
Qd6 15. Rxg2 Nxf4 16. Rxg7 Bf6 17. Rxf7 Bxe5 18. dxe5 Ng2+ 19. Kf1 Qxe5 20.
Rxb7 Ne3+ 21. Ke2 Nd5 22. Qxc6+ Kf8 23. Qc5+ Ke8 24. Qc6+ Kf8 25. Rxh7 Re8 26.
Rxh8+ Qxh8 27. Qd6+ Ne7 28. Rg1 e5 29. h3 Kf7 30. Bg6+ Nxg6 31. Qxg6+ Kf8 32.
Rg5 Ke7 33. Qg7+ Kd6 34. Rg6+ Kc5 35. Qc7+ Kb5 36. Qc6+ 1-0

[Event "Edmonton-ch"]
[Site "Edmonton, CAN"]
[Date "2019.01.17"]
[Round "1.2"]
[White "Paydari, Mojtaba"]
[Black "Reeve, Jeff"]
[Result "0-1"]
[WhiteElo "1769"]
[BlackElo "2258"]
[PlyCount "72"]
[EventDate "2019.01.10"]
[EventType "k.o."]
[EventRounds "4"]
[EventCountry "CAN"]

1. Nf3 Nf6 2. c4 g6 3. b4 Bg7 4. Bb2 O-O 5. g3 d6 6. Bg2 e5 7. d3 a5 8. a3 axb4
9. axb4 Rxa1 10. Bxa1 Re8 11. Nfd2 d5 12. O-O Na6 13. Qa4 d4 14. Nb3 Nd7 15. c5
c6 16. Rc1 Nc7 17. Na3 Nf8 18. Nd2 Bg4 19. f3 Be6 20. Ne4 Qa8 21. Qxa8 Rxa8 22.
Bb2 Ra4 23. Nc2 Bb3 24. Na1 Rxb4 25. Nxb3 Rxb3 26. Rc2 Nfe6 27. Bc1 Na6 28. Ra2
Rb1 29. Rc2 Nb4 30. Nd2 Ra1 31. Rc4 Na2 32. Nb3 Rb1 33. Rc2 Nxc1 34. Nxc1 Bh6
35. f4 exf4 36. Bf1 fxg3 0-1

[Event "Edmonton-ch"]
[Site "Edmonton, CAN"]
[Date "2019.01.17"]
[Round "1.2"]
[White "Razzaq, Ali"]
[Black "Ludwig, Michael"]
[Result "0-1"]
[WhiteElo "1884"]
[BlackElo "2067"]
[PlyCount "88"]
[EventDate "2019.01.10"]
[EventType "k.o."]
[EventRounds "4"]
[EventCountry "CAN"]

1. Nf3 d5 2. d4 Nf6 3. c4 e6 4. g3 Be7 5. Bg2 O-O 6. O-O dxc4 7. Ne5 a6 8. Nxc4
Nc6 9. Bxc6 bxc6 10. Ne5 Bb7 11. Be3 Nd5 12. Bd2 c5 13. dxc5 Bxc5 14. Qc2 Bd6
15. Nc6 Qf6 16. Na5 Bc8 17. e4 Ne7 18. Bc3 Qg6 19. Qe2 Rb8 20. Nd2 Bb4 21. Qc4
Bxc3 22. Qxc3 c6 23. Rac1 Qg5 24. a4 c5 25. Rfd1 h5 26. b3 Ng6 27. Qxc5 Qg4 28.
f3 Qh3 29. Qf2 e5 30. Nf1 h4 31. Ne3 Be6 32. Rc3 hxg3 33. Qxg3 Qh5 34. Nd5 f5
35. Nc6 Bxd5 36. Nxb8 Nf4 37. Rd2 fxe4 38. Nd7 Rf5 39. Kf1 Rg5 40. Rc8+ Kh7 41.
Nf8+ Kh6 42. Rc6+ Bxc6 43. Rd6+ g6 44. Nxg6 Rxg6 0-1

[Event "Edmonton-ch"]
[Site "Edmonton, CAN"]
[Date "2019.01.17"]
[Round "1.2"]
[White "Seehagen, Terry"]
[Black "Villavieja, Butch"]
[Result "0-1"]
[WhiteElo "1787"]
[BlackElo "2166"]
[PlyCount "46"]
[EventDate "2019.01.10"]
[EventType "k.o."]
[EventRounds "4"]
[EventCountry "CAN"]

1. e4 c5 2. d4 cxd4 3. c3 d3 4. Bxd3 d6 5. f4 Nc6 6. Be3 Nf6 7. h3 g6 8. Nf3
Bh6 9. g4 Bg7 10. Nbd2 O-O 11. Nb3 e5 12. f5 d5 13. Bg5 dxe4 14. Bxf6 Qxf6 15.
Bxe4 gxf5 16. gxf5 Bxf5 17. Qc2 Bg6 18. Nbd2 Qf4 19. Rg1 Qe3+ 20. Kf1 f5 21.
Bd5+ Kh8 22. Nh4 Qxh3+ 23. Ng2 Rad8 0-1

[Event "Edmonton-ch"]
[Site "Edmonton, CAN"]
[Date "2019.01.17"]
[Round "1.2"]
[White "Valencia, Belsar"]
[Black "Darvekar, Yash"]
[Result "1-0"]
[WhiteElo "2346"]
[BlackElo "1647"]
[PlyCount "53"]
[EventDate "2019.01.10"]
[EventType "k.o."]
[EventRounds "4"]
[EventCountry "CAN"]

1. Nf3 d5 2. d4 Bf5 3. c4 c6 4. Nc3 e6 5. a3 Nf6 6. Bg5 Nbd7 7. e3 Be7 8. cxd5
exd5 9. Bd3 Be4 10. O-O O-O 11. Bxf6 Nxf6 12. Ne5 Re8 13. Nxe4 dxe4 14. Bc4 Rf8
15. Qb3 Qe8 16. Qxb7 Bd6 17. Nxf7 Rxf7 18. Bxf7+ Qxf7 19. Qxa8+ Qe8 20. Qxe8+
Nxe8 21. Rac1 Nf6 22. Rxc6 Bf8 23. Rfc1 Kf7 24. Rc7+ Kg6 25. Rxa7 h5 26. Rc8
Bd6 27. Ra6 1-0

[Event "Edmonton-ch"]
[Site "Edmonton, CAN"]
[Date "2019.01.24"]
[Round "2.1"]
[White "Ivanescu, Mark"]
[Black "Reeve, Jeff"]
[Result "0-1"]
[WhiteElo "2040"]
[BlackElo "2258"]
[PlyCount "70"]
[EventDate "2019.01.10"]
[EventType "k.o."]
[EventRounds "4"]
[EventCountry "CAN"]

1. d4 Nf6 2. Nf3 g6 3. Bf4 Bg7 4. e3 O-O 5. Be2 d6 6. h3 c5 7. O-O Nbd7 8. c3
b6 9. Nfd2 Bb7 10. Bf3 Qc7 11. a4 Rac8 12. Bxb7 Qxb7 13. Na3 a6 14. Qe2 Rfe8
15. Rac1 d5 16. Nf3 c4 17. Ne5 Nxe5 18. Bxe5 Ne4 19. Bxg7 Kxg7 20. Nb1 Qc6 21.
Qc2 Rb8 22. Rcd1 b5 23. Nd2 Nxd2 24. Rxd2 bxa4 25. Ra1 Rb3 26. Qb1 Reb8 27. Qa2
a3 28. Rc2 axb2 29. Rb1 Qb5 30. Re2 a5 31. e4 e6 32. exd5 exd5 33. Re3 a4 34.
Rf3 a3 35. Re3 Qa5 0-1

[Event "Edmonton-ch"]
[Site "Edmonton, CAN"]
[Date "2019.01.24"]
[Round "2.1"]
[White "Miller, David"]
[Black "Ludwig, Michael"]
[Result "1-0"]
[WhiteElo "2201"]
[BlackElo "2067"]
[PlyCount "147"]
[EventDate "2019.01.10"]
[EventType "k.o."]
[EventRounds "4"]
[EventCountry "CAN"]

1. e4 e5 2. Nf3 Nf6 3. d4 Nxe4 4. dxe5 d5 5. Nbd2 Nc5 6. c3 Bf5 7. Nb3 c6 8.
Bg5 Qc7 9. Nbd4 Bg6 10. h4 h6 11. Bf4 Bh5 12. b4 Ne6 13. Nxe6 fxe6 14. Qd3 Qf7
15. Qe3 Bxf3 16. Qxf3 Be7 17. Bd3 Rf8 18. g3 Nd7 19. Qg4 g5 20. hxg5 Nxe5 21.
Bxe5 Qxf2+ 22. Kd1 Qe3 23. Bg6+ Kd7 24. Re1 Qxg5 25. Qxg5 Bxg5 26. Ke2 Bf6 27.
Bxf6 Rxf6 28. Bh5 a5 29. a3 Rg8 30. g4 Rf4 31. Rf1 Rc4 32. Rf7+ Kd6 33. Kd3 b5
34. Re1 axb4 35. axb4 c5 36. bxc5+ Rxc5 37. Rf6 Rgc8 38. Rfxe6+ Kc7 39. Re8
Rxe8 40. Rxe8 b4 41. cxb4 Rc4 42. Re6 Rxb4 43. Rxh6 Kd7 44. Bg6 Ke6 45. Bf5+
Ke5 46. Re6+ Kf4 47. Rd6 Ke5 48. Re6+ Kf4 49. Re1 Ra4 50. Bd7 Rb4 51. Rh1 Ke5
52. Rh5+ Kd6 53. Bc8 Ra4 54. g5 Ke5 55. g6+ Kf6 56. Bf5 Rb4 57. Ke3 Ra4 58. Bd3
d4+ 59. Kf4 Ra3 60. Be4 Ra7 61. Rd5 Ra1 62. Rd6+ Ke7 63. Rxd4 Rg1 64. Kf5 Rf1+
65. Kg5 Rg1+ 66. Kh6 Kf6 67. Rd2 Rg3 68. Rf2+ Ke6 69. g7 Rh3+ 70. Kg6 Rg3+ 71.
Kh7 Rh3+ 72. Kg8 Rc3 73. Kh8 Rh3+ 74. Bh7 1-0

[Event "Edmonton-ch"]
[Site "Edmonton, CAN"]
[Date "2019.01.24"]
[Round "2.1"]
[White "Valencia, Belsar"]
[Black "Sequillion, Aaron"]
[Result "1/2-1/2"]
[WhiteElo "2346"]
[BlackElo "2025"]
[PlyCount "77"]
[EventDate "2019.01.10"]
[EventType "k.o."]
[EventRounds "4"]
[EventCountry "CAN"]

1. c4 Nf6 2. Nc3 g6 3. g3 Bg7 4. Bg2 O-O 5. d4 d6 6. Nf3 Nbd7 7. O-O e5 8. h3
Re8 9. e4 exd4 10. Nxd4 a6 11. Rb1 c5 12. Nc2 Ne5 13. Ne3 Nc6 14. a3 Rb8 15. b4
Nd4 16. bxc5 dxc5 17. a4 Bd7 18. f4 Bc6 19. e5 Nd7 20. Bxc6 bxc6 21. Rxb8 Qxb8
22. Ne2 Nxe2+ 23. Qxe2 Qb3 24. Qd1 Qb7 25. Qd2 f6 26. Rd1 Nf8 27. Ng4 fxe5 28.
Nxe5 Qb3 29. Qd3 Qxd3 30. Rxd3 Bxe5 31. fxe5 Rxe5 32. Bf4 Re4 33. Rd8 Kf7 34.
Bd6 Ne6 35. Ra8 Rxc4 36. Rxa6 Nd4 37. Bf4 Ne2+ 38. Kg2 Nxf4+ 39. gxf4 1/2-1/2

[Event "Edmonton-ch"]
[Site "Edmonton, CAN"]
[Date "2019.01.31"]
[Round "2.2"]
[White "Ludwig, Michael"]
[Black "Miller, David"]
[Result "1/2-1/2"]
[WhiteElo "2067"]
[BlackElo "2201"]
[PlyCount "51"]
[EventDate "2019.01.10"]
[EventType "k.o."]
[EventRounds "4"]
[EventCountry "CAN"]

1. d4 Nf6 2. Bf4 d5 3. e3 c5 4. Nf3 Nc6 5. Nbd2 Bf5 6. c3 Qb6 7. Qc1 cxd4 8.
exd4 Rc8 9. a3 e6 10. Be2 h6 11. O-O g5 12. Be3 Ng4 13. Ne1 Bd6 14. Bxg4 Bxg4
15. Nc2 Bb8 16. f3 Bf5 17. Bf2 h5 18. Re1 Ne7 19. Nf1 g4 20. fxg4 hxg4 21. Bg3
Bxg3 22. Nxg3 Bxc2 23. Qxc2 Qxd4+ 24. Kh1 Qf4 25. Qd3 Qc4 26. Qe3 1/2-1/2

[Event "Edmonton-ch"]
[Site "Edmonton, CAN"]
[Date "2019.01.31"]
[Round "2.2"]
[White "Reeve, Jeff"]
[Black "Ivanescu, Mark"]
[Result "1-0"]
[WhiteElo "2258"]
[BlackElo "2040"]
[PlyCount "41"]
[EventDate "2019.01.10"]
[EventType "k.o."]
[EventRounds "4"]
[EventCountry "CAN"]

1. e4 e6 2. d4 d5 3. Nc3 dxe4 4. Nxe4 Bd7 5. Nf3 Bc6 6. Bd3 Nd7 7. c3 Ngf6 8.
Nxf6+ Nxf6 9. Bf4 Bd6 10. Ne5 Bxg2 11. Rg1 Be4 12. Rxg7 Bxe5 13. Bxe5 Bxd3 14.
Qxd3 Kf8 15. Rg3 Rg8 16. Rxg8+ Nxg8 17. Qg3 c6 18. O-O-O f6 19. Rg1 fxe5 20.
Qxg8+ Ke7 21. Qg7+ 1-0

[Event "Edmonton-ch"]
[Site "Edmonton, CAN"]
[Date "2019.01.31"]
[Round "2.2"]
[White "Sequillion, Aaron"]
[Black "Valencia, Belsar"]
[Result "0-1"]
[WhiteElo "2025"]
[BlackElo "2346"]
[PlyCount "56"]
[EventDate "2019.01.10"]
[EventType "k.o."]
[EventRounds "4"]
[EventCountry "CAN"]

1. e4 c5 2. Nf3 Nc6 3. Nc3 d6 4. d4 cxd4 5. Nxd4 Nf6 6. f3 e5 7. Nb3 Be7 8. Be3
O-O 9. Qd2 Be6 10. O-O-O a5 11. Qf2 Qc8 12. Na4 Nd7 13. Kb1 f5 14. Qe2 fxe4 15.
fxe4 Nb4 16. c3 Qc6 17. cxb4 Qxa4 18. Qb5 Qxb4 19. Qxb4 axb4 20. Nc1 Nf6 21.
Bd3 Ng4 22. Bb6 Nf2 23. Bxf2 Rxf2 24. Rhg1 Bg5 25. Bc2 Bxc1 26. Kxc1 Rxa2 27.
Kb1 b3 28. Rxd6 bxc2+ 0-1